000 00286nam a2200109Ia 4500
005 20251222114349.0
008 251222s1900||||xx |||||||||||||| ||spa||
082 _aDVD0090/O21/2000
245 0 _aEl mundo del descubrimiento: "Gente indestructible"
264 _bO'Dell, David
942 _cDVD
999 _c1180
_d1180